00413nam a2200145Ia 4500003000400000008004100004040001600045082001800061100002600079245008100105260003100186300001000217650002900227650001100256GCL140319s9999 xx 000 0 eng d aGCL / cGCL04a155.8944bR H1 aROUDINESCO, ELISABETH10aHISTOIRE DE LA PSYCHANALYSE EN FRANCE 2: 1925-1985 / cROUDINESCO, ELISABETH a[S.N] : bFAYARD ، c1994 a777 P04aPSYCHOANALYSIS - HISTORY04aFRANCE